000 00287nam a22001337a 4500
008 170411b xxu||||| |||| 00| 0 eng d
020 _a333866
041 _aeng
080 _22ND
_a612.39
100 _a9
101 _aSHM
245 _aNUTRITION AND YOU
_cBLAKE, J.S
942 _2udc
_cBK
999 _c10348
_d10348